| 000 | 00812cab a2200277 4500 | ||
|---|---|---|---|
| 001 | WB3313-09 | ||
| 008 | 090401t1997 xxu||||| |||| 00| 0 eng d | ||
| 035 | _a(Sirsi) u77399 | ||
| 041 | _aeng | ||
| 245 | _aExplosive blighted homes | ||
| 260 | _c1997 | ||
| 350 | _a0 | ||
| 490 |
_aTimes _v`Property` 22 March 1997, 10(1) |
||
| 520 | _aContaminated land can vastly affect house prices, and even pose risks to your life, according to an article on houses built on reclaimed land. | ||
| 650 | _aBLIGHTED PROPERTY | ||
| 650 | _aBROWNLAND | ||
| 650 | _aCONTAMINATED LAND | ||
| 650 | _aCONVEYANCING | ||
| 650 | _aINDUSTRIAL SITES | ||
| 650 | _aLANDFILL SITES | ||
| 650 | _aMETHANE GAS | ||
| 650 | _aSURVEYORS | ||
| 690 | _aENVIRONMENTAL AND LAND CONSULTANCY | ||
| 942 | _n0 | ||
| 948 | _c25/03/1997 | ||
| 999 |
_c48661 _d48661 |
||